İstanbul Medipol Üniversitesi Hukuk Fakültesi dergisi. (Record no. 200429583)
[ view plain ]
| 000 -LEADER | |
|---|---|
| fixed length control field | 01212cas a2200361 i 4500 |
| 001 - CONTROL NUMBER | |
| control field | 200429583 |
| 003 - CONTROL NUMBER IDENTIFIER | |
| control field | TR-AnTOB |
| 005 - DATE AND TIME OF LATEST TRANSACTION | |
| control field | 20190412175943.0 |
| 008 - FIXED-LENGTH DATA ELEMENTS--GENERAL INFORMATION | |
| fixed length control field | 160628c20149999tu fr p z0 b0 tur d |
| 009 - PHYSICAL DESCRIPTION FIXED-FIELD FOR ARCHIVAL COLLECTION (VM) [OBSOLETE] | |
| fixed length control field | 00TUR0Y60HK 201606282014sa |
| 022 ## - INTERNATIONAL STANDARD SERIAL NUMBER | |
| International Standard Serial Number | 2148-6883 |
| 040 ## - CATALOGING SOURCE | |
| Original cataloging agency | ANKA |
| Language of cataloging | eng |
| Description conventions | rda |
| Transcribing agency | ANKA |
| Modifying agency | TR-AnTOB |
| 041 0# - LANGUAGE CODE | |
| Language code of text/sound track or separate title | Türkçe |
| 090 ## - LOCALLY ASSIGNED LC-TYPE CALL NUMBER (OCLC); LOCAL CALL NUMBER (RLIN) | |
| Classification number (OCLC) (R) ; Classification number, CALL (RLIN) (NR) | K9 |
| Local cutter number (OCLC) ; Book number/undivided call number, CALL (RLIN) | .S736 |
| 099 ## - LOCAL FREE-TEXT CALL NUMBER (OCLC) | |
| Classification number | JOURNAL IST M |
| 222 ## - KEY TITLE | |
| Key title | İstanbul Medipol Üniversitesi Hukuk Fakültesi dergisi |
| 245 00 - TITLE STATEMENT | |
| Title | İstanbul Medipol Üniversitesi Hukuk Fakültesi dergisi. |
| 264 #1 - PRODUCTION, PUBLICATION, DISTRIBUTION, MANUFACTURE, AND COPYRIGHT NOTICE | |
| Place of production, publication, distribution, manufacture | İstanbul : |
| Name of producer, publisher, distributor, manufacturer | T.C. İstanbul Medipol Üniversitesi, |
| Date of production, publication, distribution, manufacture, or copyright notice | 2014- |
| 300 ## - PHYSICAL DESCRIPTION | |
| Extent | volumes ; |
| Dimensions | 24 cm |
| 310 ## - CURRENT PUBLICATION FREQUENCY | |
| Current publication frequency | Half yearly |
| 336 ## - CONTENT TYPE | |
| Content type term | text |
| Source | rdacontent |
| 337 ## - MEDIA TYPE | |
| Media type term | unmediated |
| Source | rdamedia |
| 338 ## - CARRIER TYPE | |
| Carrier type term | volume |
| Source | rdacarrier |
| 362 0# - DATES OF PUBLICATION AND/OR SEQUENTIAL DESIGNATION | |
| Dates of publication and/or sequential designation | volume 1, issue 1 (2014)- |
| 530 ## - ADDITIONAL PHYSICAL FORM AVAILABLE NOTE | |
| Additional physical form available note | Web ortamında edinilebilir. |
| 590 ## - LOCAL NOTE (RLIN) | |
| Local note | Donated by İstanbul Medipol Üniversitesi |
| 650 #0 - SUBJECT ADDED ENTRY--TOPICAL TERM | |
| Topical term or geographic name entry element | Hukuk |
| Geographic subdivision | Türkiye |
| Form subdivision | Süreli yayınlar |
| 9 (RLIN) | 70541 |
| Topical term or geographic name entry element | Law |
| Geographic subdivision | Turkey |
| Form subdivision | Periodicals |
| 9 (RLIN) | 70540 |
| 710 2# - ADDED ENTRY--CORPORATE NAME | |
| Corporate name or jurisdiction name as entry element | İstanbul Medipol Üniversitesi |
| 856 42 - ELECTRONIC LOCATION AND ACCESS | |
| Uniform Resource Identifier | <a href="http://www.medipol.edu.tr/Sayfa/5011/Yayinlar/Hukuk-Fakultesi-Dergisi.aspx">http://www.medipol.edu.tr/Sayfa/5011/Yayinlar/Hukuk-Fakultesi-Dergisi.aspx</a> |
| 942 ## - ADDED ENTRY ELEMENTS (KOHA) | |
| Source of classification or shelving scheme | Library of Congress Classification |
| Koha item type | Continuing Resource |
| Serial record | 1 |
No items available.
